000 00604nam a2200229Ia 4500
003 OSt
005 20220918193358.0
006 a|||||r|||| 00| 0
007 ta
008 220917b |||||||| |||| 00| 0 eng d
024 _a72,852
037 _cTextual
040 _aARTS
_cARTS
_beng
041 _2eng
_aeng
082 _aR6,4, K5-;1 (Q4)
100 _aSharma I C
_981605
245 0 _aEthical philosophy of India ed and rev by Stanley M Daugert
260 _c1965
650 _aINDIAN PHILOSOPHY
942 _hR6,4, K5-;1 (Q4)
_cTEXL
_2CC
999 _c198795
_d198795